|
|
|
|
| LEADER |
00974nam a2200229 a 4500 |
| 001 |
GR-MES10583 |
| 008 |
060726s nyu b 001 0 gre d |
| 020 |
|
|
|a 0471319201
|
| 040 |
|
|
|a GrPaTEI
|b gre
|c GR-PaULI
|
| 040 |
|
|
|a GrPaTEI
|b gre
|c GR-PaULI
|
| 100 |
1 |
|
|a Frankel, David S.
|
| 245 |
1 |
0 |
|a Modern driven architecture :
|b Applying MDA to enterprise computing /
|c David S. Frankel.
|
| 260 |
|
|
|a New York :
|b Wiley,
|c c2003
|
| 300 |
|
|
|a xxii , 328σ. :
|b εικ. ;
|c 24εκ.
|
| 504 |
|
|
|a Περιλαμβάνει βιβλιογραφίες και ευρετήριο.
|
| 650 |
|
0 |
|a Business enterprises
|x Data processing
|
| 650 |
|
0 |
|a Computer architecture
|
| 650 |
|
0 |
|a Computer software
|x development
|
| 942 |
|
|
|2 ddc
|
| 952 |
|
|
|0 0
|1 0
|2 ddc
|4 0
|6 005_100000000000000_FRA
|7 0
|9 269952
|a MSLG
|b MSLG
|c BSC
|d 2021-01-17
|e 24
|f 0
|g 0.00
|l 0
|o 005.1 FRA
|p 2420000019933
|r 2021-01-17 00:00:00
|t 1
|w 2021-01-17
|y BK15
|x 20060726 0 1
|x GrPaTEI
|
| 971 |
|
|
|a .b25766302
|b 15-04-20
|c 13-09-16
|
| 999 |
|
|
|c 155862
|d 155862
|